000 00590nam a2200229Ia 4500
003 OSt
005 20220918221349.0
006 a|||||r|||| 00| 0
007 ta
008 220917b |||||||| |||| 00| 0 eng d
024 _a149,539
037 _cTextual
040 _aARTS
_cARTS
_beng
041 _2eng
_aeng
082 _aT15, J6
100 _aHaskew Laurence D
_9140249
245 0 _aThis is teaching
_b an introduction to education in America
260 _c1956
650 _aEDUCATION
942 _hT15, J6
_cTEXL
_2CC
999 _c272205
_d272205